000 00751nam a2200265Ia 4500
003 OSt
005 20220926034835.0
006 a|||||r|||| 00| 0
007 ta
008 220923b |||||||| |||| 00| 0 eng d
020 _a0275975452
037 _cGeneral Book
040 _aRTL
_cRTL
_beng
041 _2eng
_aeng
082 _aS.5.P, P2
100 _aKempny K
_9341264
245 0 _aIdentity in transformation
_bPost modernity, post c
260 _aWestport
_bPraeger Publishers
_c2002
300 _aviii,221p
_ccm.
500 _aBibliography chapterwise
650 _aPsychology
700 _a Jawlowska Aldona
_9341265
942 _hS.5.P, P2
_cGB
_2CC
999 _c660511
_d660511